Koncepčný návrh nezávislého, odpruženého zavesenia riadených kolies pre samohybný kolesový podvozok

Gespeichert in:
Bibliographische Detailangaben
1. Verfasser: Chalász, Tomáš (Verfasst von)
Weitere Verfasser: Izrael, Gregor (Betreuung Doktorarbeit)
Format: Manuskript Buch
Sprache:Slowakisch
Veröffentlicht: 2018
Schlagworte:
Online-Zugang:http://is.stuba.sk/zp/portal_zp.pl?podrobnosti=137720
Tags: Tag hinzufügen
Keine Tags, Fügen Sie das erste Tag hinzu!

MARC

LEADER 00000ntm a22000003a 4500
001 stuzp69762
003 SK-STU
005 20180820161742.2
007 ta
008 150427s2015----xo-----f-mn---000-0-slo-d
040 |a STU  |b slo 
041 0 |a slo 
100 1 |a Chalász, Tomáš  |u 020030  |4 aut  |U SjF Strojnícka fakulta  |T SjF Ústav dopravnej techniky a konštruovania  |X 62762  |U J0030  |Y 806  |7 62762 
242 0 1 |a Conceptual design of independent suspension steering wheel for self-moved wheel chassis  |y eng 
245 1 0 |a Koncepčný návrh nezávislého, odpruženého zavesenia riadených kolies pre samohybný kolesový podvozok 
260 |c 2018 
650 4 |a pruženie  |2 slo 
650 4 |a náprava  |2 slo 
650 4 |a hydropneumatické pruženie  |2 slo 
650 4 |a nezávislé zavesenie kolies  |2 slo 
650 4 |a spring  |2 eng 
650 4 |a hydropneumatic suspension  |2 eng 
650 4 |a Axle  |2 eng 
650 4 |a independent axle  |2 eng 
700 1 |a Izrael, Gregor  |u 020030  |k Z2  |4 ths  |U SjF Strojnícka fakulta  |T SjF Ústav dopravnej techniky a konštruovania  |X 28207  |U J0030  |Y 806  |7 A000028207 
856 4 |u http://is.stuba.sk/zp/portal_zp.pl?podrobnosti=137720 
996 |b 284J045554  |c J* 2904/DDP  |l JJSK  |s A  |a 24  |w stuzp69762_0001